00511nam a2200145Ia 4500008004100000020002200041040002900063050002700092100002500119245004000144260003800184942000700222952012100229999001500350221221s9999 xx 000 0 und d a978-1-84480-128-2 cChuka University Library aIGE HF 5691 bF69 2008 aFrancis ,Andre92775 0aBusiness Mathematics and statistics aCengage learningbharmshirec2008 cBK 001040708LGLaIGBbIGBcGENd2022-12-21l0oIGE HF 5691 .F69 2008p9896/2013r2022-12-21 00:00:00w2022-12-21yBK c3694d3694